1038 1555 1254 1619 1743 1712 1946 1611 1682 1588 1870 1130 1420 1009 1085 1948 1868 1496 1908 1039 1420 1682 1791 1632 1274 1338 1172 1757 1515 1351 1293 1724 1801 1281 1334 1359 1072 1121 1333 1335 1972 1752 1143 1737 1275 1258 1387 1728 1202 1897 1330 1291 1296 1265 1165 1237 1275 1281 1497 1075 1106 1340 1316 1681 1076 1054 1833 1810 1759 1759 1676 1061 1986 1369 1361 1255 1779 1960 1662 1612 1217 1146 1012 1179 1031 1696 1936 1659 1100 1404 1472 1928 1254 1345 1527 1655 1625 1795 1758 BCNSPRNW ULIB Ver.6.0+V

เปลี่ยนเป็นภาษาไทย

Change to English
 แสดงรายละเอียดบรรณานุกรม
  กลับหน้าหลัก

Brief Record : Get Marc (ISO 2709) : E-mail record : QR code < ปิดหน้าต่าง
LEADER : 00000nam 2200000uu 4500
001    13399107852
003     ULIB
008    110208s2553||||th 000 0 tha d
020    9786165070126
060 04 WZ40^bธ647ป 2553
100 0  ธีรวัฒน์ บูระวัฒน์
245 10 ประวัติศาสตร์ทางการแพทย์ :^bตอนการค้นพบที่ยิ่งใหญ่ /^cเรียบเรียงโดย ธีรวัฒน์ บูระวัฒน์
250    พิมพ์ครั้งที่ 1
260    กรุงเทพฯ :^bหมอชาวบ้าน,^c2553
300    (12), 250 หน้า :^bภาพประกอบ ;^c25 ซม.
650  7 การแพทย์^xประวัติ
650  7 ประวัติการแพทย์
945    ^p170^l0^i028702
945    ^p170^l0^i028500
995    เกษร
999 ^a ใช้งานได้ทุกระบบ
รายการนี้ยังไม่มีแท็ก
คุณยังไม่ได้ล็อกอิน คุณสามารถมีกิจกรรมร่วมกับเว็บไซต์ได้ แต่ต้องล็อกอินก่อน ::
  ล็อกอิน

รายการสื่อสารสนเทศ

ลำดับที่ ประเภท เลขเรียก/บาร์โค้ด สถานที่ สถานะ
1. วิทยาศาสตร์การแพทย์ และสุขภาพ
วิทยาศาสตร์การแพทย์ และสุขภาพ
WZ40 ธ647ป 2553 ฉ.2 
  Barcode: 028500
ห้องสมุดวิทยาเขตสวรรค์ประชารักษ์
►ส่วนจัดเก็บหนังสือเก่า สปร
บนชั้น
  ขอยืม
2. วิทยาศาสตร์การแพทย์ และสุขภาพ
วิทยาศาสตร์การแพทย์ และสุขภาพ
WZ40 ธ647ป 2553 ฉ.3 
  Barcode: 028702
ห้องสมุดวิทยาเขตสวรรค์ประชารักษ์
►ส่วนจัดเก็บหนังสือเก่า สปร
บนชั้น
  ขอยืม

รายการใกล้เคียง
    ผู้แต่ง [ธีรวัฒน์ บูระวัฒน์]

    หัวเรื่อง [ประวัติการแพทย์]

BibComment


ยังไม่เคยถูกคอมเมนท์

คอมเมนท์ทรัพยากรรายการนี้
  คอมเมนท์: ประวัติศาสตร์ทางก..


 Copyright 2026. Bcnsprnw @Library